Climate change and policy : (Record no. 15470)

000 -LEADER
fixed length control field 00782cam a22002177a 4500
020 ## - INTERNATIONAL STANDARD BOOK NUMBER
ISBN 9783642176999
020 ## - INTERNATIONAL STANDARD BOOK NUMBER
ISBN 3642176992
040 ## - CATALOGING SOURCE
Transcribing agency BTCTA
082 00 - DEWEY DECIMAL CLASSIFICATION NUMBER
Classification number 363 SPR 2011 A078 Or.
245 00 - TITLE STATEMENT
Title Climate change and policy :
Remainder of title the calculability of climate change and the challenge of uncertainty /
260 ## - PUBLICATION, DISTRIBUTION, ETC. (IMPRINT)
Place of publication New York :
Name of publisher Springer,
Year of publication 2011.
300 ## - PHYSICAL DESCRIPTION
Number of Pages viii, 241 p. :
Other physical details col. ill. ;
Dimensions 24 cm.
650 #0 - SUBJECT ADDED ENTRY--TOPICAL TERM
Topical Term Climatic changes.
650 #0 - SUBJECT ADDED ENTRY--TOPICAL TERM
Topical Term Meteorology.
700 1# - ADDED ENTRY--PERSONAL NAME
Personal name Gramelsberger, Gabriele.
700 1# - ADDED ENTRY--PERSONAL NAME
Personal name Feichter, Johann.
856 42 - ELECTRONIC LOCATION AND ACCESS
Uniform Resource Identifier http://www.loc.gov/catdir/enhancements/fy1316/2011923339-b.html
856 42 - ELECTRONIC LOCATION AND ACCESS
Uniform Resource Identifier http://www.loc.gov/catdir/enhancements/fy1316/2011923339-d.html
856 41 - ELECTRONIC LOCATION AND ACCESS
Uniform Resource Identifier http://www.loc.gov/catdir/enhancements/fy1316/2011923339-t.html
942 ## - ADDED ENTRY ELEMENTS (KOHA)
Koha item type សៀវភៅភាសាអង់គ្លេស
952 ## - LOCATION AND ITEM INFORMATION (KOHA)
Withdrawn status [LOCAL, KOHA] 0
Holdings
Permanent Location Date acquired Koha item type Lost status Shelving location Barcode Current Location Full call number
Library Block A2017-11-22សៀវភៅភាសាអង់គ្លេស A078A06822Library Block A363 SPR 2011 A078 Or.
មជ្ឈមណ្ឌលឯការនៃសាកលវិទ្យាល័យភូមិន្ទកសិកម្មចំការដូង

Powered by Koha